|
|
|
|
| LEADER |
01959nam a2200481 a 4500 |
| 001 |
nkc20152664080 |
| 003 |
CZ PrNK |
| 005 |
20150313091905.0 |
| 007 |
ta |
| 008 |
150223s2014 xr e 000 0 cze |
| 015 |
|
|
|a cnb002664080
|
| 020 |
|
|
|a 978-80-7403-132-8
|q (brož.)
|
| 035 |
|
|
|a (OCoLC)907527565
|
| 040 |
|
|
|a ABA001
|b cze
|d OLA001
|
| 041 |
0 |
|
|a cze
|b cze
|b eng
|
| 072 |
|
7 |
|a 636
|x Chov zvířat. Živočišná výroba
|2 Konspekt
|9 24
|
| 080 |
|
|
|a 636.32/.38
|2 MRF
|
| 080 |
|
|
|a 636.08
|2 MRF
|
| 080 |
|
|
|a 636.09:616.99
|2 MRF
|
| 080 |
|
|
|a (083.744)
|2 MRF
|
| 245 |
0 |
0 |
|a Efektivní systém prevence parazitóz v chovu ovcí /
|c autoři Iva Langrová ... [et al.]
|
| 260 |
|
|
|a V Praze :
|b Česká zemědělská univerzita :
|b Výzkumný ústav živočišné výroby ;
|a V Brně :
|b Mendelova univerzita,
|c 2014
|
| 300 |
|
|
|a 42 s. ;
|c 21 cm
|
| 490 |
1 |
|
|a Certifikovaná metodika
|
| 500 |
|
|
|a Nad názvem: Česká zemědělská univerzita v Praze, Fakulta agrobiologie, potravinových a přírodních zdrojů, katedra zoologie a rybářství
|
| 504 |
|
|
|a Obsahuje bibliografie a bibliografické odkazy
|
| 546 |
|
|
|a České a anglické resumé
|
| 650 |
0 |
7 |
|a ovce
|7 ph115627
|2 czenas
|
| 650 |
0 |
7 |
|a chov hospodářských zvířat
|7 ph119201
|2 czenas
|
| 650 |
0 |
7 |
|a veterinární parazitologie
|7 ph138293
|2 czenas
|
| 650 |
0 |
9 |
|a sheep
|2 eczenas
|
| 650 |
0 |
9 |
|a livestock keeping
|2 eczenas
|
| 650 |
0 |
9 |
|a veterinary parasitology
|2 eczenas
|
| 655 |
|
7 |
|a certifikované metodiky
|7 fd806827
|2 czenas
|
| 655 |
|
9 |
|a certified methodology
|2 eczenas
|
| 700 |
1 |
|
|a Langrová, Iva,
|d 1964-
|7 ola2002142292
|4 aut
|
| 710 |
2 |
|
|a Česká zemědělská univerzita v Praze.
|b Katedra zoologie a rybářství
|7 xx0052950
|
| 810 |
2 |
|
|a Mendelova univerzita.
|t Metodika
|0 s
|
| 910 |
2 |
|
|a BOA001
|b 2-1341.780
|
| 990 |
|
|
|a BK
|
| 995 |
|
|
|a 01
|
| 991 |
|
|
|b 201503
|c NOV
|e n
|
| 996 |
6 |
|
|b 2610623364
|c 2-1341.780
|l MZK
|r Sklad / do 1 hodiny
|n 3
|p p.v.
|w 001491551
|u 000010
|a 1
|e BOA001
|j MZK50
|s P
|